| 000 | 00356nam a2200157Ia 4500 | ||
|---|---|---|---|
| 008 | 230711s9999||||xx |||||||||||||| ||und|| | ||
| 041 | _aENG | ||
| 082 |
_a720 _bHA-C |
||
| 100 | _aHalliday,Peter | ||
| 245 | 0 | _aCalligraphy : masterclass | |
| 250 | _a1st | ||
| 260 |
_c1995 _aNew York _bBloomsbury |
||
| 300 | _a128 | ||
| 650 | _aArchitecture | ||
| 942 | _cBK | ||
| 999 |
_c3285 _d3285 |
||